Normal view
MARC view
- Measurement Systems
Entry Topical Term
001 - CONTROL NUMBER
- control field: 112382
003 - CONTROL NUMBER IDENTIFIER
- control field: NUST
005 - DATE AND TIME OF LATEST TRANSACTION
- control field: 20230516132113.0
008 - FIXED-LENGTH DATA ELEMENTS
- fixed length control field: 230516|| aca||aabn | a|a d
040 ## - CATALOGING SOURCE
- Original cataloging agency: NUST
- Transcribing agency: NUST
150 ## - HEADING--TOPICAL TERM
- Topical term or geographic name entry element: Measurement Systems
670 ## - SOURCE DATA FOUND
- Source citation: Work cat.: (NUST)594756: Bentley, John P 39823, Principles Of Measurement Systems, 2007.
